LEADER 00760nam0-22002891i-450- 001 990004713720403321 005 19990530 035 $a000471372 035 $aFED01000471372 035 $a(Aleph)000471372FED01 035 $a000471372 100 $a19990530g19689999km-y0itay50------ba 101 0 $aita 105 $ay-------001yy 200 1 $aAnna Comnena$eA study$fby Georgina Buckler 205 $aEd. anast. 210 $aOxford$cClarendon$d1968. 215 $aIX, 558 p.$d23 cm 700 1$aBuckler,$bGeorgina$0187905 702 1$aAnna Comnena 801 0$aIT$bUNINA$gRICA$2UNIMARC 901 $aBK 912 $a990004713720403321 952 $aFCL 2554$bIst.Fil.Cl.2749$fFLFBC 959 $aFLFBC 996 $aAnna Comnena$9293923 997 $aUNINA LEADER 01060nam 2200253 i 4500 001 991004252338407536 005 20220923192243.0 008 220923s2019 it a |b | 000 0 ita d 020 $a9788860286093 040 $aBibl. Dip.le Aggr. DiSTeBA - Sez. Biologia 082 04$a613.78 245 00$aErgonomia, postura, movimento nell'uomo /$cLuigi Molfetta, Giuseppe Massara, Mario Canepa, Paolo Cabella 260 $aFerriera di Torgiano (PG) :$bCalzetti & Mariucci,$c2019 300 $a207 p.:$bill. ;$c24 cm 490 0 $aRiabilitazione e prevenzione 500 $aIndication of the author on the spine: AA.VV. 650 4$aCorrective gymnastics 700 1 $aMolfetta, Luigi$eauthor$4http://id.loc.gov/vocabulary/relators/aut$01360595 700 1 $aMassara, Giuseppe$eauthor$4http://id.loc.gov/vocabulary/relators/aut$0201095 700 1 $aCanepa, Mario$eauthor$4http://id.loc.gov/vocabulary/relators/aut$0229860 700 1 $aCabella, Paolo 912 $a991004252338407536 996 $aErgonomia, postura, movimento nell'uomo$93378178 997 $aUNISALENTO